01186nam a2200193Ia 4500001001100000003001000011008004100021040002500062041001300087100004500100245008200145250001100227260006100238300001200299500026200311501011400573520026200687650004300949A085-34675IT-CnALBA170116s9999||||xx |||||||||||||| ||und|| aIT-CnALBAcIT-CnALBA aITALIANO aBOSSUET JACQUES-BENIGNE VESCOVO DI MEAUX 0aOPERE. CONTRO GLI ERRORI DEI QUETISTI E DEI FALSI MISTICI. TOMO LI. VOL. II.  a1a ed. a VENEZIAbZERLETTI PIETRO (PRESSO) c1800 [1° Ed.:1800] a352 p.  aISTRUZIONE PASTORALE. CONTEMPLAZIONE COME PARTE DEL QUIETISMO. ESAME DEL QUIETISMO. ERRATA INTERPRETAZIONE DEL CONCILIO DI TRENTO. OPINIONE DI S. AGOSTINO. S. ANSELMO. S. BERNARDO. SANT'ALBERTO MAGNO. AUTORITÀ DI S. FRANCESCO DI SALES. RISPOSTA DI BOSSUET aSocietà San Paolo EM - Piazza San Paolo, 14 - 12051 ALBA (CN) (non commercial uses only) ® Copyright 2017 aISTRUZIONE PASTORALE. CONTEMPLAZIONE COME PARTE DEL QUIETISMO. ESAME DEL QUIETISMO. ERRATA INTERPRETAZIONE DEL CONCILIO DI TRENTO. OPINIONE DI S. AGOSTINO. S. ANSELMO. S. BERNARDO. SANT'ALBERTO MAGNO. AUTORITÀ DI S. FRANCESCO DI SALES. RISPOSTA DI BOSSUET aRACCOLTE DI CARATTERE GEN. IN ITALIANO